Power FETS and their applications /

Bibliographic Details
Main Author: Oxner, Edwin S.
Format: Book
Language:English
Published: Englewood Cliffs, N.J. : Prentice-Hall, [1982]
Subjects:

MARC

Tag First Indicator Second Indicator Subfields
LEADER 00000pam a2200000 a 4500
001 in00000095389
005 20150923173502.0
008 810914s1982 njua b 00110 eng
010 |a  81015713  
020 |a 0136869238 
035 |a (OCoLC)07835851 
035 |9 AAK8030AM 
039 0 |a 2  |b 3  |c 3  |d 3  |e 3 
040 |a DLC  |c DLC  |d TXA  |d UtOrBLW 
049 |a TXAM  |c [933630] 
050 0 0 |a TK7871.95  |b  O96 
082 0 |a 621.3815/284  |2 19 
100 1 |a Oxner, Edwin S. 
245 1 0 |a Power FETS and their applications /  |c Edwin S. Oxner. 
264 1 |a Englewood Cliffs, N.J. :  |b Prentice-Hall,  |c [1982] 
264 4 |c ©1982 
300 |a vi, 313 pages :  |b illustrations ;  |c 24 cm. 
336 |a text  |b txt  |2 rdacontent 
337 |a unmediated  |b n  |2 rdamedia 
338 |a volume  |b nc  |2 rdacarrier 
504 |a Includes bibliographies and index. 
650 0 |a Field-effect transistors. 
650 0 |a Power transistors. 
999 |a MARS 
999 f f |s 5430aebe-9d27-312a-95f0-8c610c1446f7  |i 6ac910f1-e1e0-357e-ac96-d5b0d7ded2a0  |t 0 
952 f f |p normal  |a Texas A&M University  |b College Station  |c Sterling C. Evans Library  |d Evans: Library Stacks  |t 0  |e TK7871.95 O96  |h Library of Congress classification  |i unmediated -- volume  |m A14806026807 
998 f f |a TK7871.95 O96  |t 0  |l Evans: Library Stacks